| 000 | 00660nam a2200169 i 4500 | ||
|---|---|---|---|
| 001 | 27734 | ||
| 003 | ES-MaACL | ||
| 005 | 20230906153710.0 | ||
| 007 | t| | ||
| 008 | 030115s1977 sp ||||1| spa d | ||
| 100 | 1 |
_aAzcárate Ristori, José María de. _924256 |
|
| 245 | 1 | 0 |
_aHistoria del arte (medieval y del renacimiento) _b: segundo ciclo (primer curso) / _cpor José María de Azcárate Ristori ; con la colaboración de Matilde Azcárate Luxán. |
| 260 |
_a[Madrid] : _bUniversidad Nacional de Educación a Distancia, _c1977. |
||
| 300 |
_a6 t. en 1 v. ; _c30 cm. |
||
| 700 | 1 |
_aAzcárate Luxán, Matilde. _924254 |
|
| 852 |
_aES-MaACL _jL-2634 _bR.103646 |
||
| 999 |
_c27734 _d27734 |
||